| 000 | 00605nam a2200193 u 4500 | ||
|---|---|---|---|
| 005 | 20210223130424.0 | ||
| 008 | 080408s1993 mx r 000 0 spa d | ||
| 020 | _a9686579710 (pasta dura) | ||
| 035 | _aUPN01000155307 | ||
| 049 | _aI | ||
| 050 | 4 |
_aPZ7 _bQ5.6 |
|
| 100 | 1 |
_aQuinlan, Patricia, _d1953- |
|
| 245 | 1 | 0 |
_aPlantemos semillas / _cPatricia Quinlan ; il. Vladyana Krykorka ; tr. Ma. Elena Herrera. |
| 260 |
_aMéxico : _bSITESA, _c1993. |
||
| 300 |
_a18 p. : _bil. col. |
||
| 534 |
_pTítulo original: _tPlanting seeds |
||
| 650 | 4 |
_aCUENTOS INFANTILES CANADIENSES _911112 |
|
| 905 | _aInfantil | ||
| 999 |
_c127422 _d127422 |
||